Caricamento...

കോലത്തുപഴമ /

Dettagli Bibliografici
Autore principale: കുമാരന്‍, എം. പി
Altri autori: Kumaran, M P
Natura: Printed Book
Lingua:English
Pubblicazione: തൃശൂര്‍ : കേരള സാഹിത്യ അക്കാദമി, 1998.
Edizione:1st ed.
Soggetti:
LEADER 00749nam a22001817a 4500
008 181222b xxu||||| |||| 00| 0 eng d
999 |c 25214  |d 25214 
082 |a W 954.83KN  |b KUM 
100 |a കുമാരന്‍, എം. പി 
240 |a Kolathupazhama 
245 |a കോലത്തുപഴമ /  |c എം. പി. കുമാരന്‍ 
250 |a 1st ed. 
260 |a തൃശൂര്‍ :  |b കേരള സാഹിത്യ അക്കാദമി,  |c 1998. 
300 |a 152p. 
650 |a Kerala history 
700 |a Kumaran, M P 
942 |2 ddc  |c REF 
952 |0 0  |1 0  |2 ddc  |4 0  |5 1  |6 W_954_000000000000000_83KN_KUM  |7 0  |9 34579  |a MAIN  |b MAIN  |d 2018-12-22  |e Gift (Prof. Raghava warrier)  |g 50.00  |o W 954.83KN KUM  |p 33032  |r 2018-12-22  |t 1  |w 2018-12-22  |y REF